000 00349nam a2200145Ia 4500
005 20251222152558.0
008 251222s9999||||xx |||||||||||||| ||spa||
020 _a9789972051418
082 _a262.9/B44
100 _aBenito Rodríguez, José Antonio
245 0 _aBeato Juan Pablo II:
250 _a1ra.ed.
264 _bPaulinas
942 _cLIB
999 _c26500
_d26500